Use of the Videocoference in the International Cooperation of High Schools

Guardado en:
Detalles Bibliográficos
Autor principal: Kultan, Jaroslav, 1960-
Formato: Capítulo de libro
Lenguaje:inglés
Etiquetas: Agregar Etiqueta
Sin Etiquetas, Sea el primero en etiquetar este registro!

MARC

LEADER 00000naa$a2200000$$$4500
001 0102016
005 20240502083246.4
041 0 |a eng 
044 |a UA 
245 1 0 |a Use of the Videocoference in the International Cooperation of High Schools  |c Jaroslav Kultan 
100 1 |a Kultan, Jaroslav, 1960-